00754nam a2200241 a 450000100060000000300080000600500170001400800410003103500190007204000410009104100080013208200240014010000380016424501060020226000480030830000340035649000180039050400290040865000160043765000200045365000210047383000180049469420BD-RjUL20211209081904.0170411s1948 nyu 001 0 eng u a(BD-RjUL)69631 cTLMdIXAdEQOdBD-RjULaBD-RjULbeng aeng 223a665.3bCOT 19481 aBailey, Alton Edward,d1907-1953.10aCottonseed and cottonseed products :btheir chemistry and chemical technology /cBailey, Alton Edward aNew York :bInterscience Publishers,c1948. axxiii, 936 p. :bill.c24 cm.1 aFats and oils aIncludes bibliographies. 0aCottonseed. 0aCottonseed oil. 0aCottonseed meal. 0aFats and oils